| Tag |
First Indicator |
Second Indicator |
Subfields |
| LEADER |
00000cam a2200000 i 4500 |
| 001 |
in00004021421 |
| 005 |
20191105135417.0 |
| 008 |
170530t20182018enk 000 1 eng |
| 010 |
|
|
|a 2017022020
|
| 035 |
|
|
|a (OCoLC)ocn989123637
|
| 040 |
|
|
|a DLC
|e rda
|c DLC
|
| 020 |
|
|
|a 9781481497930
|q (hardcover :
|q alk. paper)
|
| 020 |
|
|
|a 1481497936
|q (hardcover :
|q alk. paper)
|
| 020 |
|
|
|a 9781481497954
|q (trade paper :
|q alk. paper)
|
| 020 |
|
|
|a 1481497952
|q (trade paper :
|q alk. paper)
|
| 020 |
|
|
|z 9781481497961
|q (ebook)
|
| 050 |
0 |
0 |
|a PS3563.C3556
|b L66 2018
|
| 082 |
0 |
0 |
|a 813/.6
|2 23
|
| 049 |
|
|
|a TXAM
|
| 100 |
1 |
|
|a McDevitt, Jack,
|e author.
|
| 245 |
1 |
4 |
|a The long sunset /
|c Jack McDevitt.
|
| 250 |
|
|
|a First edition hardcover.
|
| 264 |
|
1 |
|a London ;
|a New York :
|b Saga Press,
|c [2018].
|
| 264 |
|
4 |
|c ©2018.
|
| 300 |
|
|
|a 451 pages ;
|c 22 cm.
|
| 336 |
|
|
|a text
|b txt
|2 rdacontent
|
| 337 |
|
|
|a unmediated
|b n
|2 rdamedia
|
| 338 |
|
|
|a volume
|b nc
|2 rdacarrier
|
| 490 |
1 |
|
|a An academy novel
|
| 520 |
|
|
|a Hutch has been the Academy's best pilot for decades. She's had numerous first contact encounters and even became a minor celebrity. But world politics have shifted from exploration to a growing fear that the program will run into an extraterrestrial race more advanced than humanity and war. Despite taking part in the recent scientific breakthrough that rejuvenates the human body and expands one's lifespan, Hutch finds herself as a famous interstellar pilot with little to do, until a message from an alien race arrives. The message is a piece of music from an unexplored area. Despite the fact that this alien race could pose a great danger and that this message could have taken several thousand years to travel, the program prepares the last interstellar ship for the journey. As the paranoia grows, Hutch and her crew make an early escape, but what they find at the other end of the galaxy is completely unexpected.
|
| 650 |
|
0 |
|a Science fiction.
|
| 650 |
|
0 |
|a Hutchins, Priscilla (Fictitious character)
|v Fiction.
|
| 650 |
|
0 |
|a Women air pilots
|v Fiction.
|
| 650 |
|
0 |
|a Interplanetary voyages
|v Fiction.
|
| 650 |
|
0 |
|a Human-alien encounters
|v Fiction.
|
| 650 |
|
0 |
|a Extraterrestrial beings
|v Fiction.
|
| 650 |
|
4 |
|a FICTION / Science Fiction / Action & Adventure.
|
| 650 |
|
4 |
|a FICTION / Science Fiction / Alien Contact.
|
| 650 |
|
4 |
|a FICTION / Science Fiction / Hard Science Fiction.
|
| 800 |
1 |
|
|a McDevitt, Jack.
|t Priscilla Hutchins novels.
|
| 945 |
|
|
|b 539169
|
| 947 |
|
|
|a A14850517211
|
| 948 |
|
|
|a cataloged
|b h
|c 2019/11/5
|d c
|e dmitchel
|f 1:50:30 pm
|
| 994 |
|
|
|a 92
|b TXA
|
| 999 |
f |
f |
|s 763a2de8-57fe-3394-98c7-570b790ea27f
|i 36b0a93d-d51d-3784-8524-6340a46acd45
|t 0
|
| 952 |
f |
f |
|p noncirc
|a Texas A&M University
|b College Station
|c Cushing Memorial Library & Archives
|s cush scif
|d Cushing: Science Fiction (Does not check out)
|t 0
|e PS3563.C3556 L66 2018
|h Library of Congress classification
|i unmediated -- volume
|m A1485343683C
|
| 952 |
f |
f |
|p normal
|a Texas A&M University
|b College Station
|c Sterling C. Evans Library
|s Evans stk
|d Evans: Library Stacks
|t 0
|e PS3563.C3556 L66 2018
|h Library of Congress classification
|i unmediated -- volume
|m A14850517211
|
| 998 |
f |
f |
|a PS3563.C3556 L66 2018
|t 0
|l Evans: Library Stacks
|
| 998 |
f |
f |
|a PS3563.C3556 L66 2018
|t 0
|l Cushing: Science Fiction (Does not check out)
|